LEADER 01213nam 2200337 n 450 001 996383480703316 005 20221102114330.0 035 $a(CKB)1000000000590353 035 $a(EEBO)2240877687 035 $a(UnM)99859864 035 $a(EXLCZ)991000000000590353 100 $a19850913d1642 uy | 101 0 $aeng 135 $aurbn||||a|bb| 200 04$aThe bishops last vote in Parliament. Or, Their supersedeas from both Houses, in February, 1641$b[electronic resource] $eWho are now wished to attend their flocke, seeing they have time and leasure. Or if they will to preach in the Tower 210 $aLondon $cPrinted for Iohn Thomas$d1641. [i.e. 1642] 215 $a[8] p 300 $aA satire. 300 $aSignatures: A⁴. 300 $aReproductions of the original in the British Library. 330 $aeebo-0018 606 $aBishops$zEngland$xHumor$vEarly works to 1800 615 0$aBishops$xHumor 801 0$bCu-RivES 801 1$bCu-RivES 801 2$bCStRLIN 801 2$bWaOLN 906 $aBOOK 912 $a996383480703316 996 $aThe bishops last vote in Parliament. Or, Their supersedeas from both Houses, in February, 1641$92388581 997 $aUNISA LEADER 05311nam 22007091 450 001 9910966438903321 005 20120814095857.0 010 $a9786613676887 010 $a9781441107688 010 $a1441107681 010 $a9781472542922 010 $a1472542924 010 $a9781280699900 010 $a1280699906 010 $a9781441186287 010 $a144118628X 024 7 $a10.5040/9781472542922 035 $a(CKB)2670000000206402 035 $a(EBL)943633 035 $a(OCoLC)796384786 035 $a(SSID)ssj0000676664 035 $a(PQKBManifestationID)12347183 035 $a(PQKBTitleCode)TC0000676664 035 $a(PQKBWorkID)10685383 035 $a(PQKB)11633338 035 $a(MiAaPQ)EBC943633 035 $a(OCoLC)802047032 035 $a(UtOrBLW)bpp09256717 035 $a(UtOrBLW)BP9781472542922BC 035 $a(Perlego)800745 035 $a(iGPub)BLOMUS0000695 035 $a(EXLCZ)992670000000206402 100 $a20140929d2012 uy 0 101 0 $aeng 135 $aur|n|---||||| 181 $ctxt 182 $cc 183 $acr 200 00$aAnatomy of a short story $eNabokov's puzzles, codes, "Signs and symbols" /$fedited by Yuri Leving 210 1$aNew York :$cContinuum,$d2012. 215 $a1 online resource (431 p.) 300 $aDescription based upon print version of record. 311 08$a9781441196064 311 08$a1441196064 311 08$a9781441142634 311 08$a1441142630 320 $aIncludes bibliographical references and index. 327 $aIntroduction ; A PRIMARY TEXT Heart : "Signs and Symbols" / Vladimir Nabokov ; Forum High Pressure -- Part 1. Criticism Bone Structure. Frameworks : Vladimir Nabokov's correspondence with regarding "Signs and Symbols," 1946-8 / Olga Voronina ; Lost in revision : The editing of "Signs and Symbols" for / J. Morris ; Consulting the oracle / Michael Wood -- Part 2. Vascular System. Signs : Arbitrary signs and symbols / Alexander N. Drescher ; The patterns of doom / Brian Quinn ; Ways of knowing in "Signs and Symbols" / Terry J. Martin ; A funny thing about "Signs and Symbols" / John B. Lane ; Names / Yuri Leving -- Part 3. Muscles of the Story. Objects : Five known jars / Carol M. Dole ; Five missing jars / Gennady Barabtarlo ; The last jar / Joanna Trzeciak ; Trees and birds / Larry R. Andrews ; Photographs / Maria-Ruxanda Bontila ; Cards / Pekka Tammi ; Telephone / Andre?s Romero Jo?dar -- Part 4. Nervous System. The importance of reader response / Paul J. Rosenzweig ; The Jewish quest / Yuri Leving ; Symbols : Signs of reference, symbols of design / Geoffrey Green ; Sacred dangers : Nabokov's distorted reflection / David Field ; Numbers : The mysticism of circle / Mary Tookey ; The semiotics of zero / Meghan Vicks -- Part 5. Dissection. Web of contexts : "Signs and Symbols" in and out of contexts / Leona Toker ; "Breaking the News" and "Signs and Symbols" : silentology / Joanna Trzeciak ; Pnin and "Signs and Symbols" : narrative entrapment / David H. Richter ; Pnin and "Signs and Symbols" : narrative strategies / William Carroll ; Pale Fireand "Signs and Symbols" / Vladimir Mylnikov -- Part 6. DNA Testing. Cracking the code : The signs and symbols in Nabokov's / Alexander Dolinin ; The castling problem in "Signs and Symbols" / Yuri Leving ; Reading madly / Irving Malin ; Deciphering "Signs and Symbols" / Larry R. Andrews ; Decoding "Signs and Symbols" / John V. Hagopian ; The referential mania : an attempt of the deconstructivist reading / A?lvaro Garrido Moreno ; A referential reading of Nabokov's "Signs and Symbols" / Charles W. Mignon ; An Afterword : The saddest story / John Banville -- Endnotes ; Alternative tables of contents : Chronological key ; Credits ; Bibliography ; Index. 330 $a"Since its first publication in 1948, one of Vladimir Nabokov's shortest short stories, "Signs and Symbols," has generated perhaps more interpretations and critical appraisal than any other that he wrote. It has been called "one of the greatest short stories ever written" and "a triumph of economy and force, minute realism and shimmering mystery" (Brian Boyd, Vladimir Nabokov: The American Years). Anatomy of a Short Story contains: the full text of "Signs and Symbols," line numbered and referenced throughout correspondence about the story, most of it never before published, between Nabokov and the editor of The New Yorker, where the story was first published 33 essays of literary criticism, bringing together classic essays and new interpretations a round-table discussion in which a screenwriter, a theater scholar, a mathematician, a psychiatrist, and a literary scholar bring their perspectives to bear on "Signs and Symbols" Anatomy of a Short Story illuminates the ways in which we interpret fiction, and the short story in particular."--Bloomsbury Publishing. 606 $aLiterature$xAesthetics 606 $aShort story 606 $2Literary studies: fiction, novelists & prose writers 615 0$aLiterature$xAesthetics. 615 0$aShort story. 676 $a813/.54 702 $aLeving$b I?Urii? 801 0$bUtOrBLW 801 1$bUtOrBLW 906 $aBOOK 912 $a9910966438903321 996 $aAnatomy of a short story$94469616 997 $aUNINA